000 00380 a2200169 4500
001 188544
020 _a85-08-09188-5
040 _cMagnum
100 _aBrezina, Thomas
240 1 0 _aChocolate com ketchup
_lpor
245 1 0 _aChocolate com ketchup
300 _a102
362 0 _a2006
440 1 _aÁtica
697 _aLITERATURA INFANTO-JUVENIL ESTRANGEIRA
942 _cBK
999 _c188544
_d188544